Social work: methods practices and perspectives (Record no. 89923)
[ view plain ]
| 000 -LEADER | |
|---|---|
| fixed length control field | 00552nam a2200205Ia 4500 |
| 003 - CONTROL NUMBER IDENTIFIER | |
| control field | STCL |
| 008 - FIXED-LENGTH DATA ELEMENTS--GENERAL INFORMATION | |
| fixed length control field | 230728s9999 xx 000 0 und d |
| 020 ## - INTERNATIONAL STANDARD BOOK NUMBER | |
| International Standard Book Number | 8175941405 |
| Qualifying information | HB |
| 040 ## - CATALOGING SOURCE | |
| Original cataloging agency | STCL |
| Transcribing agency | STCL |
| Language of cataloging | EN |
| 082 ## - DEWEY DECIMAL CLASSIFICATION NUMBER | |
| Edition number | 22 |
| 100 ## - MAIN ENTRY--PERSONAL NAME | |
| Personal name | Devi, Rameshwari |
| 245 #0 - TITLE STATEMENT | |
| Title | Social work: methods practices and perspectives |
| 246 ## - VARYING FORM OF TITLE | |
| Title proper/short title | Social work methods practices and perspectives Vol.3 |
| 260 ## - PUBLICATION, DISTRIBUTION, ETC. (IMPRINT) | |
| Name of publisher, distributor, etc. | Mangal Deep Publications |
| Place of publication, distribution, etc. | Jaipur |
| Date of publication, distribution, etc. | 2004 |
| 300 ## - PHYSICAL DESCRIPTION | |
| Extent | 287 p |
| 365 ## - TRADE PRICE | |
| Price amount | 2150 |
| 546 ## - LANGUAGE NOTE | |
| Language note | English |
| 700 ## - ADDED ENTRY--PERSONAL NAME | |
| Personal name | Prakash, Ravi |
| 942 ## - ADDED ENTRY ELEMENTS (KOHA) | |
| Source of classification or shelving scheme | |
| Edition | |
| Koha item type | Book |
| Withdrawn status | Lost status | Source of classification or shelving scheme | Damaged status | Not for loan | Home library | Current library | Shelving location | Date acquired | Total Checkouts | Full call number | Barcode | Date last seen | Price effective from | Koha item type |
|---|---|---|---|---|---|---|---|---|---|---|---|---|---|---|
| Santhome Athenaeum | Santhome Athenaeum | General Stacks | 28/07/2023 | 361.3 DEV-S | J00989 | 28/07/2023 | 28/07/2023 | Book |